Score 0/15 Timer 05:00
2 Plays Today
Question Answer Wrong Answers
LANGUAGE: What does the Latin phrase,'E pluribus unum' translate to? Out of Many, One
70.9%
In God We Trust
15.6%
There is Only One God
4.3%
May God Watch Over Us
3.1%
MISCELLANEOUS: Which of these three letters begin the Greek alphabet? alpha, beta, gamma
60.7%
alpha, beta, delta
23.6%
alpha, epsilon, eta
2.6%
alpha, beta, omega
7.1%
TELEVISION: Which special guest star lent their voice during an episode of the Simpsons? Michael Jackson
50%
Prince
11.8%
Clint Eastwood
8.3%
William Shatner
23.9%
HOLIDAY: Which is Saint Nicholas NOT the patron saint of? newborns
45.8%
pawnbrokers
23%
prisoners
9.8%
thieves
15.5%
JUST FOR FUN: Which of these is NOT a myth? George Washington grew hemp
42.4%
Due to the Coriolis Effect, toilets flush the opposite way in the Southern Hemisphere
21.5%
A dropped penny from the Empire State Building can kill a person
15.9%
During his life, Napoleon was shorter than the average Frenchman
14.1%
SCIENCE: What is the color of de-oxygenated blood? Red
41.4%
Blue
42.4%
Green
2.2%
Clear
8.1%
HISTORY: Which is the date of Mexico's Independence Day? September 16
39.2%
May 5th
35.8%
March 21
15.1%
January 1
3.7%
SPORTS: What sport was first declared the official sport of Canada? Lacrosse
38.1%
Ice Hockey
28.5%
Curling
23.2%
Baseball
4.2%
GAMING: Which property is the first space after 'GO' in the game Monopoly? Mediterranean Avenue
37.1%
Baltic Avenue
43.6%
Luxury Tax
5.1%
Community Chest
8%
MOVIES: Which of these movie quotes is accurately a direct quote from its source? 'No wire hangers, ever!' - Mommie Dearest
34%
'Play it again, Sam' - Casablanca
12.7%
'Toto, I don’t think we’re in Kansas anymore.' - The Wizard of Oz
32.6%
'Luke, I am your father.' - The Empire Strikes Back
14.5%
LITERATURE: Which of these literary quotes is accurately a direct quote from its source? 'Every human life is worth the same, and worth saving.' - Harry Potter and the Deathly Hallows
33.4%
'Please, Sir, can I have some more?' - Oliver Twist
26.8%
'Elementary, my dear Watson' - Sherlock Holmes
18.7%
'The end justifies the means.' - The Prince
14.7%
GEOGRAPHY: From base to summit, which is the tallest mountain in the world? Mauna Kea
33.1%
Mount Erebus
5.9%
Mount Everest
32.6%
K2
22.2%
RELIGION: According to the Catholic church, who was conceived during the Immaculate Conception? Mary
30.9%
Jesus
56.2%
Moses
3.3%
Adam
3.8%
MUSIC: Who sang the classic soul hit song, 'Rescue Me?' Fontella Bass
26.6%
Diana Ross
15.7%
Aretha Franklin
34.5%
Patti Labelle
16.8%
ENTERTAINMENT: Which of these Disney related pop culture myths is actually true? A nude woman appears in the Disney movie the Rescuers
24.8%
Walt Disney was cryogenically frozen
17.7%
The word 'Sex' appears in a puff of wind in a scene in the Lion King
22.3%
Disney animators based Tinkerbell on Marilyn Monroe
29.1%
Remove Ads.
Support Sporcle.
Get the best of Sporcle when you Go Orange. This ad-free experience offers more features, more stats, and more fun while also helping to support Sporcle. Thank you for becoming a member.

You're not logged in!

Compare scores with friends on all Sporcle quizzes.
OR
Log In

Sporcle TV

Today on Sporcle TV


Watch our educational content, quiz creation guides, and fun videos on Sporcle TV.

Show Comments

Extras

Top Quizzes Today


Score Distribution

Paid Content

Your Account Isn't Verified!

In order to create a playlist on Sporcle, you need to verify the email address you used during registration. Go to your Sporcle Settings to finish the process.

Report this User

Report this user for behavior that violates our Community Guidelines.

Details: